Guías Prácticas Churchill. (Registro nro. 1082)

Detalles MARC
000 -LEADER
fixed length control field 01613nam a2200397 a 4500
005 - FECHA ULTIMA MODIFICACION
control field 20240514114139.0
008 - CAMPO DE CONTROL (LIBRO)
fixed length control field 100312s2011||||sp a f |||| 001 0 spa d
020 ## - INTERNATIONAL STANDARD BOOK NUMBER
ISBN 9788480868235
041 ## - CODIGO DE IDIOMA
Código de idioma del texto/pista de sonido o título separado spa
092 ## - SIGNATURA TOPOGRAFICA DEWEY LOCAL
número de clasificación 617.028
libristica 95
sección WHI
100 1# - ENTRADA PRINCIPAL--NOMBRE PERSONAL
Nombre personal Whiteley, Simon M.
9 (RLIN) 1790
245 ## - TITULO PROPIAMENTE DICHO
Título Guías Prácticas Churchill.
Subtítulo y Título paralelo Cuidados Intensivos /
Mención de responsabilidad y remanente de la transcripción de la portada Simon M. Whiteley
250 ## - MENCION DE EDICION
Mención de edición 3a ed.
260 ## - PIE DE IMPRENTA
Lugar de publicación, distribución, etc Barcelona:
Nombre de la editorial, distribuidor, etc Elsevier ; Churchill Livingstone;
Fecha de publicación 2011.
300 ## - DESCRIPCION FISICA
Extension 482 p.
500 ## - NOTA GENERAL
Nota general Whiteley, S. M., Bodehham, A. y Bellamy, M. C. (2011). Guías Prácticas Churchill. Cuidados Intensivos. (3a ed.). Barcelona : Elsevier ; Churchill Livingstone.
653 ## - TÉRMINO INDIZADO - PALABRAS CLAVES
Palabra clave Enfermedades respiratorias mas frecuentes
653 ## - TÉRMINO INDIZADO - PALABRAS CLAVES
Palabra clave Técnicas diagnósticas y terapéuticas en neumología
653 ## - TÉRMINO INDIZADO - PALABRAS CLAVES
Palabra clave Enfermedades de las vías aéreas
653 ## - TÉRMINO INDIZADO - PALABRAS CLAVES
Palabra clave Enfermedades pulmonares parenquimatosas difusas
653 ## - TÉRMINO INDIZADO - PALABRAS CLAVES
Palabra clave Infecciones respiratorias
653 ## - TÉRMINO INDIZADO - PALABRAS CLAVES
Palabra clave Patología pulmonar vascular
653 ## - TÉRMINO INDIZADO - PALABRAS CLAVES
Palabra clave Neoplasias del aparato respiratorio
653 ## - TÉRMINO INDIZADO - PALABRAS CLAVES
Palabra clave Afectación respiratorias en las enfermedades de otros órganos y sistemas
653 ## - TÉRMINO INDIZADO - PALABRAS CLAVES
Palabra clave Patología pleuropulmonar por agentes externos
653 ## - TÉRMINO INDIZADO - PALABRAS CLAVES
Palabra clave Patología pleural
653 ## - TÉRMINO INDIZADO - PALABRAS CLAVES
Palabra clave Patología de la caja torácica
653 ## - TÉRMINO INDIZADO - PALABRAS CLAVES
Palabra clave Patología del mediastino
653 ## - TÉRMINO INDIZADO - PALABRAS CLAVES
Palabra clave Alteraciones de la regulación de la ventilación y síndrome de apneas e hipopneas del sueño
653 ## - TÉRMINO INDIZADO - PALABRAS CLAVES
Palabra clave Insuficiencia respiratoria
653 ## - TÉRMINO INDIZADO - PALABRAS CLAVES
Palabra clave Trasplante pulmonar
700 1# - ENTRADAS SECUNDARIAS - NOMBRE PERSONAL
Nombre personal Bodehham, Andrew
9 (RLIN) 1791
700 1# - ENTRADAS SECUNDARIAS - NOMBRE PERSONAL
Nombre personal Bellamy, Mark C.
9 (RLIN) 1792
930 ## - NUMERO DE INVENTARIO
Número de inventario 2579
942 ## - ADDED ENTRY ELEMENTS (KOHA)
Source of classification or shelving scheme Dewey Decimal Classification
Item type Libros
Existencias
Estado de retiro Existencia Fuente de clasificación Estado general No para prestamo Colección Ubicación permanente ubicación actual Sala de ubicación Fecha de adquisición Total Checkouts Número de clasificación Código de barras Date last seen Número de ejemplar Price effective from Koha tipo de elemento (item) Public note Total Renewals Date last borrowed
    Dewey Decimal Classification     Reference Biblioteca Medicina Biblioteca Medicina Referencia 02/08/2012   617.028 95 WHI 2579 06/11/2014 ej.1 02/08/2012 Reference LIBRO DE CONSULTA. Compra PROMED, Julio 2012    
    Dewey Decimal Classification       Biblioteca Medicina Biblioteca Medicina Circulación 02/08/2012 6 617.028 95 WHI 2580 23/08/2017 ej.2 02/08/2012 Libros Compra PROMED, Julio 2012 2 18/08/2017
    Dewey Decimal Classification       Biblioteca Medicina Biblioteca Medicina Circulación 02/08/2012 3 617.028 95 WHI 2581 24/10/2017 ej.3 02/08/2012 Libros Compra PROMED, Julio 2012 2 19/10/2017

UNIVERSIDAD NACIONAL DEL COMAHUE
Biblioteca de la Facultad de Ciencias Médicas
Sede Toschi: Los Arrayanes y Av. Toschi, Cipolletti  - Rio Negro
Sede Los Tordos:  Yrigoyen al 2211, Cipolletti - Rio Negro 

Teléfono: 0299 - 4774707 int 25
Contacto: biblioteca@facimed.uncoma.edu.ar
© 2011 - 2026